00652 a2200181 4500020001500000040001300015082000800028100002700036245009400063250001800157260003600175300005000211651002800261700001800289942002100307999001500328952012700343 a039397443X aDLCbDLC00a9731 aTindall, George Brown.10aAmerica: a narrative historyba narrative historycGeorge Brown Tindall, David Emory Shi. aBrief 5th ed. aNew York :bW.W. Norton,c2000. axx, 632, A110 p. :bill., col. maps ;c24 cm. 0aUnited StatesxHistory.1 aShi, David E. cBKk973 TIN2ddc c5225d5225 001040708NFICaCLbCLcGENd2005-07-09eDonationg0.00l1o973 TINpSEECS005999r2025-05-30s2022-02-25w2017-01-05yBK